000 02321cam a22004934i 4500
003 PE-LiUPU
005 20250731173052.0
008 180307s2001 ne 0 r0 001 0 eng d
020 _a9789004120457
035 _a(Sirsi) a241425
040 _aPE-LiUPU
_bspa
_cPE-LiUPU
_erda
049 _aPRUA
082 0 4 _a291.175
_bR3
_221
245 0 0 _aReligious confessions and the sciences in the sixteenth century /
_cedited by Jèurgen Helm & Annette Winkelmann.
264 1 _aBoston :
_bBrill,
_c2001.
300 _a161 páginas ;
_c25 centímetros.
336 _atext
_2rdacontent
337 _aunmediated
_2rdamedia
338 _avolume
_2rdacarrier
490 1 _aStudies in European Judaism;
_v v.1
504 _aIndice : páginas 159-161.
505 0 _aMelanchthon and the tradition of Neoplatonism -- The Jesuits and the Janus-faced history of natural sciences -- Science and religion in royal Prussia around -- Protestant anatomy -- Religion and medicine : anatomical education at Wittenberg and Ingolstadt -- The influence of Hasdai Crescas's philosophy on some aspects of sixteenth-century philosophy and science -- Language and medicine in the early modern Ottoman empire / Eleazar -- Tradition and innovation : religion, science and Jewish culture between the sixteenth and seventeenth centuries -- Jews between profane and sacred science in Renaissance Italy : the case of Abraham Portaleone -- Science and religious hermeneutics : the "philosophy" of Rabbi Loew of Prague-- The relevance of geo graphy for the Jewish religion.
526 _aSEG42
526 _aSEG41
526 _aSEG40
526 _aSEG39
526 _aP94
526 _aP87
526 _aP86
526 _aP85
526 _aP77
526 _aP76
526 _aP35
650 0 4 _aReligion and science.
650 0 4 _aReligión y ciencia.
700 1 _aHelm, Jèurgen,
_eeditor.
700 1 _aWinkelmann, Annette,
_eeditor.
910 _aadbm
_bksl
_cksl
_d20180307
942 _2ddc
_cBOOK
994 _aC0
_bPEPRU
596 _a1
999 _a291.175 R3
_wLC
_c27063
_i78134
_f2021-11-11
_g4
_lCCODEBUL1
_mBUL
_p25.00
_r0
_sY
_tBOOK
_u2018-3-7
_xTEOLOGIA
_PP35
_0DONACION
_1FCOMPRA
_o.STAFF. Colección Teología
_d27063
980 _81
_gALBERTO SANCHEZ Responsable de Automatización